| 000 | 01221cam a2200289 a 4500 | ||
|---|---|---|---|
| 999 |
_c234629 _d234629 |
||
| 001 | 12484254 | ||
| 003 | Nust | ||
| 005 | 20170328122512.0 | ||
| 008 | 010727s2002 nyu 000 0beng | ||
| 010 | _a 2001045607 | ||
| 020 | _a9780297607779 (alk. paper) | ||
| 040 |
_aDLC _cDLC _dDLC |
||
| 043 | _ae-uk--- | ||
| 050 | 0 | 0 |
_aPR4581 _b.S616 2002 |
| 082 | 0 | 0 |
_a823.8 _bSMI |
| 100 | 1 | _aSmiley, Jane. | |
| 245 | 1 | 0 |
_aCharles Dickens / _cJane Smiley. |
| 260 |
_aNew York : _bViking, _c2002. |
||
| 300 |
_aviii, 214 p. ; _c20 cm. |
||
| 440 | 0 | _aPenguin lives series | |
| 500 | _a"A Lipper/Viking book." | ||
| 600 | 1 | 0 |
_aDickens, Charles, _d1812-1870. |
| 650 | 0 |
_aNovelists, English _y19th century _xBiography. |
|
| 856 | 4 | 2 |
_3Contributor biographical information _uhttp://www.loc.gov/catdir/enhancements/fy0719/2001045607-b.html |
| 856 | 4 | 2 |
_3Publisher description _uhttp://www.loc.gov/catdir/enhancements/fy0719/2001045607-d.html |
| 906 |
_a7 _bcbc _corignew _d1 _eocip _f20 _gy-gencatlg |
||
| 942 |
_2ddc _cBK |
||